Tratado das verbas trabalhistas Lg̤ica e cl̀culos trabalhistas de acordo com a reforma trabalhista /

Detalles Bibliográficos
Autor principal: Sanchez, Adilson
Formato: eBook
Lenguaje:portugués
Publicado: San Pablo: LTR, 2018
Edición:Cuarta edicin̤
Materias:
Acceso en línea:Acceso restringido

MARC

LEADER 00000nam a22000007a 4500
005 20180802001734.0
007 cr|||| |||
008 180802s2018 br |||||s|||| 00||0 por d
020 |a 978-85-361-9560-5 
035 |a 21945 
040 |a vLex 
090 |c 8090  |d 8090 
100 1 |a Sanchez, Adilson 
245 1 0 |a Tratado das verbas trabalhistas  |h [Recurso electrn̤ico] :  |b Lg̤ica e cl̀culos trabalhistas de acordo com a reforma trabalhista /  |c Adilson Sanchez 
250 |a Cuarta edicin̤ 
256 |a Servicio en ln̕ea 
260 |a San Pablo:  |b LTR,  |c 2018 
300 |a 1 recurso electrn̤ico 
506 1 |a Disponible solo en los productos indicados  |d vLex Global  |d vLex Global (Academic Edition, excluding Law Schools)  |d vLex Global (U.S. Academic Edition, Law Schools)  |d vLex Global (U.S. Academic Edition, excluding Law Schools)  |d vLex Global (Academic Edition, Law Schools) 
650 0 4 |a Derecho Laboral y Seguridad Social  |z Brasil 
740 0 |a vLex Libros (Servicio en ln̕ea) 
856 4 0 |u http://vlex.com/source/tratado-verbas-trabalhistas-logica-calculos-trabalhistas-acordo-reforma-trabalhista-lei-n-13-467-2017-medida-provisoria-n-808-2017-4a-edi-o-21945  |z Acceso restringido 
942 |c BOOK 
999 0 |a Labor law and social security